| 000 | 01255nam a2200241Ia 4500 | ||
|---|---|---|---|
| 999 |
_c39626 _d39626 |
||
| 001 | 6226 | ||
| 003 | GE_BSU | ||
| 005 | 20190614214626.0 | ||
| 008 | 181216s1983||||ge |||||||||||||| ||geo|| | ||
| 040 | _cGE_BSU | ||
| 041 | _ageo | ||
| 080 | _a621.311.22 ვ-28 | ||
| 100 |
_aვეზირიშვილი, ო. _92511 |
||
| 245 |
_aლაბორატორიული სამუშაოები თბოფიკაციისა და თბური ქსელების კურსში / _cო. ვეზირიშვილი, ქ. ვეზირიშვილი ; რედ. ე. გიორგაძე |
||
| 264 |
_aთბილისი : _bსპი, _c1983. |
||
| 300 |
_a62 გვ. ; _c20 სმ. |
||
| 504 | _aბიბლიოგრ. : გვ.61. | ||
| 653 | _aთბოფიკაცია და თბური ქსელები | ||
| 653 | _aლაბორატორიული სამუშაოები თბოფიკაციისა და თბური ქსელების კურსში | ||
| 700 |
_aვეზირიშვილი, ქ. _eავტორი _92512 |
||
| 710 |
_aგიორგაძე, ე. _eრედაქტორი _92513 |
||
| 942 |
_cBK _2udc |
||